Statistics for Board Games in Spanish

Click here to take the quiz!

General Stats

  • This quiz has been taken 28 times
  • The average score is 8 of 12

Answer Stats

Español VersionEnglish Version% Correct
El MonopolioMonopoly
96%
Conectar CuatroConnect Four
85%
El Juego de la Vida (La Vida)Life
85%
¡Perdón!Sorry!
85%
Hipopótamos HambrientosHungry Hungry Hippos
81%
Manzanas a ManzanasApples to Apples
78%
Trampa del RatónMouse Trap
74%
Rampas y EscalerasChutes and Ladders
67%
La Tierra de DulceCandy Land
59%
Damas ChinasChinese Checkers
41%
La PistaClue
30%
El AcorazadoBattleship
15%

Score Distribution

Percentile by Number Answered

Percent of People with Each Score

Your Score History

You have not taken this quiz